Cambridge primary English activity book 5 / (Record no. 8677)
[ view plain ]
| 000 -LEADER | |
|---|---|
| fixed length control field | 01038nam a22002177a 4500 |
| 001 - CONTROL NUMBER | |
| control field | 8677 |
| 003 - CONTROL NUMBER IDENTIFIER | |
| control field | FISKH |
| 005 - DATE AND TIME OF LATEST TRANSACTION | |
| control field | 20260213132846.0 |
| 008 - FIXED-LENGTH DATA ELEMENTS--GENERAL INFORMATION | |
| fixed length control field | 251009b cb ||||| |||| 00| 0 eng d |
| 020 ## - INTERNATIONAL STANDARD BOOK NUMBER | |
| International Standard Book Number | 9781107636422 |
| 040 ## - CATALOGING SOURCE | |
| Original cataloging agency | FISKH |
| Language of cataloging | eng |
| Transcribing agency | FISKH |
| Modifying agency | FISKH |
| 082 ## - DEWEY DECIMAL CLASSIFICATION NUMBER | |
| Classification number | 428.2 |
| 100 ## - MAIN ENTRY--PERSONAL NAME | |
| Personal name | Burt, Sally |
| 245 ## - TITLE STATEMENT | |
| Title | Cambridge primary English activity book 5 / |
| Statement of responsibility, etc. | Sally Burt and Debbie Ridgard |
| 260 ## - PUBLICATION, DISTRIBUTION, ETC. | |
| Place of publication, distribution, etc. | New York : |
| Name of publisher, distributor, etc. | Cambridge, |
| Date of publication, distribution, etc. | 2015. |
| 300 ## - PHYSICAL DESCRIPTION | |
| Extent | 136 pages : |
| Other physical details | color illustrations ; |
| Dimensions | 28 cm |
| 520 ## - SUMMARY, ETC. | |
| Summary, etc. | This activity book complements the Learner’s Book in the Cambridge Primary English series (Stage 5). It offers a variety of exercises to reinforce reading, writing, listening, and grammar skills. The tasks are designed to consolidate language points introduced in the main book, provide extra spelling practice, and support comprehension through themes, texts, and interactive activities. |
| 650 ## - SUBJECT ADDED ENTRY--TOPICAL TERM | |
| Topical term or geographic name entry element | Grammar & vocabulary exercises |
| Form subdivision | Reading comprehension |
| General subdivision | Spelling practice |
| 942 ## - ADDED ENTRY ELEMENTS (KOHA) | |
| Source of classification or shelving scheme | Dewey Decimal Classification |
| Koha item type | Books |
| Suppress in OPAC | No |
| Withdrawn status | Lost status | Source of classification or shelving scheme | Damaged status | Not for loan | Collection | Home library | Current library | Shelving location | Date acquired | Total Checkouts | Full call number | Barcode | Date last seen | Copy number | Price effective from | Koha item type |
|---|---|---|---|---|---|---|---|---|---|---|---|---|---|---|---|---|
| Dewey Decimal Classification | Reference | Footprints International School Library Network Toul Kork Campus | Footprints International School Library Network Toul Kork Campus | Librarian's Shelf TK | 10/09/2025 | BUR 428.2 PZ7 | 2025-4514 | 10/09/2025 | 1 | 10/09/2025 | Books | |||||
| Dewey Decimal Classification | Reference | Footprints International School Library Network Toul Tom Poung Campus | Footprints International School Library Network Toul Tom Poung Campus | Librarian's Shelf TTP | 02/13/2026 | BUR 428.2 PZ7 | 2026-0260 | 02/13/2026 | 2 | 02/13/2026 | Books |
